Estadísticas para Países del Mar Negro

Haz click aquí para intentar la prueba.

Estadísticas generales

  • Esta prueba ha sido intentada 2.129 veces
  • La puntuación promedio es 5 de 6

Estadísticas de respuestas

País% Correcto
Turquía
94%
Rusia
92%
Ucrania
90%
Bulgaria
86%
Georgia
86%
Rumania
86%

Distribución de puntuación

Porcentaje por número respondido

Porcentaje de gente con cada puntuación

Historial de tus puntuaciones

No has intentado esta prueba.